Most Google Searched NFL Team by State - Statistics

General Stats
  • This quiz has been taken 242 times
    141 since last reset
  • The average score is 31 of 50
Answer Stats
State Team % Correct
Arizona Arizona Cardinals
89%
California San Francisco 49ers
88%
Florida Miami Dolphins
86%
Minnesota Minnesota Vikings
85%
Colorado Denver Broncos
83%
Kansas Kansas City Chiefs
82%
Massachusetts New England Patriots
81%
Michigan Detroit Lions
80%
Indiana Indianapolis Colts
80%
Louisiana New Orleans Saints
80%
Illinois Chicago Bears
79%
Georgia Atlanta Falcons
78%
Ohio Cleveland Browns
76%
Texas Dallas Cowboys
75%
Connecticut New England Patriots
75%
Nevada Las Vegas Raiders
73%
Tennessee Tennessee Titans
72%
New York Buffalo Bills
71%
Missouri Kansas City Chiefs
71%
North Carolina Carolina Panthers
70%
Alabama Dallas Cowboys
70%
Pennsylvania Philadelphia Eagles
70%
Maryland Baltimore Ravens
69%
Maine New England Patriots
69%
New Hampshire New England Patriots
66%
Arkansas Dallas Cowboys
64%
Oregon Seattle Seahawks
61%
Alaska Seattle Seahawks
60%
Oklahoma Dallas Cowboys
57%
Rhode Island New England Patriots
57%
Idaho Seattle Seahawks
57%
Hawaii San Francisco 49ers
55%
Washington Seattle Seahawks
55%
New Mexico Dallas Cowboys
54%
Mississippi New Orleans Saints
54%
Montana Seattle Seahawks
54%
Wisconsin Green Bay Packers
52%
Delaware Philadelphia Eagles
52%
Iowa Kansas City Chiefs
49%
Nebraska Kansas City Chiefs
48%
North Dakota Minnesota Vikings
48%
New Jersey Philadelphia Eagles
46%
South Dakota Minnesota Vikings
43%
Vermont New England Patriots
43%
Kentucky Cincinnati Bengals
39%
Virginia Washington Commanders
39%
South Carolina Dallas Cowboys
38%
Wyoming Denver Broncos
28%
West Virginia Pittsburgh Steelers
26%
Utah Kansas City Chiefs
20%
No matching quizzes found
Score Distribution
Percent of People with Each Score
Percentile by Number Answered
Your Score History
You have not taken this quiz since the last reset